Research methodology : (Record no. 35253)

MARC details
000 -LEADER
fixed length control field 00545cam a2200193 a 4500
001 - CONTROL NUMBER
control field 996180
005 - DATE AND TIME OF LATEST TRANSACTION
control field 20190411153316.0
008 - FIXED-LENGTH DATA ELEMENTS--GENERAL INFORMATION
fixed length control field 910712s1991 nju b 001 0 eng
035 ## - SYSTEM CONTROL NUMBER
System control number (CStRLIN)NYCG91-B65068
040 ## - CATALOGING SOURCE
Original cataloging agency DLC
Transcribing agency DLC
Modifying agency DLC
050 00 - LIBRARY OF CONGRESS CALL NUMBER
Item number Q100.55.M4
Classification number N93 2007
100 1# - MAIN ENTRY--PERSONAL NAME
Personal name Nyandemo, Samwel M.
245 10 - TITLE STATEMENT
Title Research methodology :
Remainder of title methods and approaches
Statement of responsibility, etc by Samwel M. Nyandemo
260 ## - PUBLICATION, DISTRIBUTION, ETC. (IMPRINT)
Place of publication, distribution, etc Nairob i
Name of publisher, distributor, etc Herman Manyora
Date of publication, distribution, etc 2007
300 ## - PHYSICAL DESCRIPTION
Extent 103p.;
Dimensions 20 cm.
650 #0 - SUBJECT ADDED ENTRY--TOPICAL TERM
General subdivision Research
-- Methodology
942 ## - ADDED ENTRY ELEMENTS (KOHA)
Source of classification or shelving scheme Library of Congress Classification
Item type Book
Holdings
Withdrawn status Lost status Source of classification or shelving scheme Damaged status Not for loan Collection code Home library Current library Shelving location Date acquired Total Checkouts Total Renewals Full call number Barcode Date last borrowed Price effective from Koha item type Source of acquisition Copy number Date last seen
    Library of Congress Classification     Non-fiction Bishop Okullu Memorial Library (Limuru Campus) Bishop Okullu Memorial Library (Limuru Campus) Special Collection 21/07/2009 44 1 SPE Q180.55.M4 N93 2007 010144 09/05/2014 21/07/2009 Book      
    Library of Congress Classification     Non-fiction Bishop Okullu Memorial Library (Limuru Campus) Nairobi Campus General Circulation 21/01/2013 30   Q100.55.M4 N93 2007 026721 11/02/2016 21/01/2013 Book     12/02/2016
    Library of Congress Classification     Non-fiction Nakuru Campus Nakuru Campus General Circulation 07/06/2011 28   Q180.55.M4 N93 2007 026132 02/03/2023 07/06/2011 Book purchase 2